[Event "Outaouais-ch"]
[Site "Gatineau CAN"]
[Date "2013.05.14"]
[Round "5"]
[White "Groleau, Gilles"]
[Black "Desjardins, Michel"]
[Result "1-0"]
[WhiteElo "1886"]
[BlackElo "1907"]
[PlyCount "69"]
[GameId "2160767909364522"]
[EventDate "2013.04.17"]
[EventType "tourn"]
[EventRounds "6"]
[EventCountry "CAN"]
[SourceTitle "EXT 2022"]
[Source "ChessBase"]
[SourceDate "2021.10.06"]
[SourceVersion "1"]
[SourceVersionDate "2021.10.06"]
[SourceQuality "1"]

1. e4 d5 2. exd5 Qxd5 3. Nf3 Bg4 4. Be2 Nc6 5. d4 O-O-O 6. c4 Qf5 7. Be3 e6 8. Nbd2 Nf6 9. O-O Bd6 10. Qb1 Qh5 11. c5 Bxh2+ 12. Nxh2 Bxe2 13. Re1 Bg4 14. Ndf3 Bf5 15. Qc1 Nb4 16. Qc3 Nc2 17. c6 bxc6 18. Qxc6 Be4 19. Qa6+ Bb7 20. Qxa7 Nxa1 21. Rxa1 Ng4 22. Rc1 Nxh2 23. Nxh2 Qd5 24. Nf3 f6 25. Bf4 Rd7 26. Rc5 Qe4 27. Bg3 g5 28. Qb6 e5 29. dxe5 fxe5 30. Bxe5 c6 31. Qa7 Kd8 32. Qb8+ Bc8 33. Bf6+ Re7 34. Re5 Qb1+ 35. Re1 1-0

[Event "Outaouais-ch"]
[Site "Gatineau CAN"]
[Date "2013.05.14"]
[Round "5"]
[White "Rose, Richard1"]
[Black "Gagnon, Fabien"]
[Result "0-1"]
[WhiteElo "1854"]
[BlackElo "1909"]
[PlyCount "60"]
[GameId "2160767909364523"]
[EventDate "2013.04.17"]
[EventType "tourn"]
[EventRounds "6"]
[EventCountry "CAN"]
[SourceTitle "EXT 2022"]
[Source "ChessBase"]
[SourceDate "2021.10.06"]
[SourceVersion "1"]
[SourceVersionDate "2021.10.06"]
[SourceQuality "1"]

1. e4 c5 2. Nf3 Nc6 3. d4 cxd4 4. Nxd4 g6 5. Nc3 Bg7 6. Be3 Nf6 7. Bc4 Qa5 8. f3 Qb4 9. Bb3 Nxe4 10. fxe4 Bxd4 11. Bxd4 Qxd4 12. Qf3 e6 13. Rd1 Qe5 14. O-O O-O 15. Qd3 b6 16. Nb5 Ba6 17. a4 Rad8 18. c3 d6 19. Rf2 Rd7 20. Rfd2 Rfd8 21. c4 Qc5+ 22. Kh1 Ne5 23. Qe2 Bb7 24. Nxa7 Bxe4 25. Nb5 Bb7 26. h3 Nc6 27. Nc3 Ne7 28. Ba2 Nf5 29. Kh2 Ne3 30. Qf2 Nxd1 0-1

[Event "Outaouais-ch"]
[Site "Gatineau CAN"]
[Date "2013.05.10"]
[Round "6"]
[White "Desjardins, Michel"]
[Black "Rose, Richard1"]
[Result "0-1"]
[WhiteElo "1907"]
[BlackElo "1854"]
[PlyCount "62"]
[GameId "2160767909364524"]
[EventDate "2013.04.17"]
[EventType "tourn"]
[EventRounds "6"]
[EventCountry "CAN"]
[SourceTitle "EXT 2022"]
[Source "ChessBase"]
[SourceDate "2021.10.06"]
[SourceVersion "1"]
[SourceVersionDate "2021.10.06"]
[SourceQuality "1"]

1. e4 c5 2. Nc3 Nc6 3. g3 e6 4. Bg2 Be7 5. Nge2 d6 6. d4 cxd4 7. Nxd4 Bd7 8. Nxc6 Bxc6 9. a4 Nf6 10. O-O O-O 11. Qe2 a6 12. Be3 Qa5 13. Bd2 Qc7 14. a5 b6 15. axb6 Qxb6 16. Ra2 Bb5 17. Nxb5 axb5 18. Rfa1 Rxa2 19. Rxa2 Rc8 20. Bb4 Bf8 21. c3 Qc6 22. Ra5 Rb8 23. e5 Nd5 24. Bxd5 exd5 25. Bxd6 Bxd6 26. exd6 d4 27. Qe7 Re8 28. d7 Rxe7 29. d8=Q+ Re8 30. Qxe8+ Qxe8 31. cxd4 Qe1+ 0-1

[Event "Outaouais-ch"]
[Site "Gatineau CAN"]
[Date "2013.05.18"]
[Round "6"]
[White "Gagnon, Fabien"]
[Black "Groleau, Gilles"]
[Result "1/2-1/2"]
[WhiteElo "1909"]
[BlackElo "1886"]
[PlyCount "51"]
[GameId "2160767909364525"]
[EventDate "2013.04.17"]
[EventType "tourn"]
[EventRounds "6"]
[EventCountry "CAN"]
[SourceTitle "EXT 2022"]
[Source "ChessBase"]
[SourceDate "2021.10.06"]
[SourceVersion "1"]
[SourceVersionDate "2021.10.06"]
[SourceQuality "1"]

1. e4 c5 2. Nf3 e6 3. d4 cxd4 4. Nxd4 a6 5. Bd3 Bc5 6. Nb3 Ba7 7. Qe2 Nc6 8. Be3 Bxe3 9. Qxe3 Nf6 10. O-O O-O 11. N1d2 Qc7 12. h3 Ne5 13. f4 Nxd3 14. cxd3 b5 15. Rac1 Qa7 16. Qxa7 Rxa7 17. Kf2 Rd8 18. Rc2 d5 19. Rfc1 Ra8 20. e5 Ne8 21. Na5 Bd7 22. Ndb3 Kf8 23. Ke3 Rdc8 24. Rxc8 Rxc8 25. Rxc8 Bxc8 26. Nc5 1/2-1/2

[Event "Outaouais-ch Reserve"]
[Site "Gatineau CAN"]
[Date "2013.04.16"]
[Round "1"]
[White "Arsenault, Yves"]
[Black "Jobin, Gilles G"]
[Result "1/2-1/2"]
[WhiteElo "1565"]
[BlackElo "1842"]
[PlyCount "80"]
[GameId "2160767909364526"]
[EventDate "2013.04.16"]
[EventType "swiss"]
[EventRounds "6"]
[EventCountry "CAN"]
[SourceTitle "EXT 2022"]
[Source "ChessBase"]
[SourceDate "2021.10.06"]
[SourceVersion "1"]
[SourceVersionDate "2021.10.06"]
[SourceQuality "1"]

1. e4 e5 2. Nf3 Nc6 3. Bc4 Bc5 4. Nc3 Nf6 5. a3 d6 6. d3 Bg4 7. h3 Bh5 8. g4 Bg6 9. Bg5 h6 10. Bh4 h5 11. Nd5 hxg4 12. Nxf6+ gxf6 13. hxg4 Qd7 14. Rg1 Qe7 15. c3 O-O-O 16. Qe2 Rh7 17. O-O-O Rdh8 18. Rh1 Nd8 19. Rdg1 Ne6 20. Bxe6+ Qxe6 21. c4 c6 22. Qf1 d5 23. b4 dxe4 24. bxc5 exf3 25. Bg3 Rxh1 26. Rxh1 Rxh1 27. Qxh1 Bxd3 28. Qxf3 Bxc4 29. Bh4 Bd5 30. Qxf6 Qxf6 31. Bxf6 e4 32. Kd2 Kd7 33. Ke3 Ke6 34. g5 Kf5 35. a4 a5 36. Bd8 Bb3 37. Bxa5 Kxg5 38. Kxe4 f5+ 39. Ke5 Bxa4 40. f4+ Kg4 1/2-1/2

[Event "Outaouais-ch Reserve"]
[Site "Gatineau CAN"]
[Date "2013.04.16"]
[Round "1"]
[White "Berthiaume, Serge"]
[Black "Danilov, Alex"]
[Result "1-0"]
[WhiteElo "1438"]
[BlackElo "1693"]
[PlyCount "77"]
[GameId "2160767909364527"]
[EventDate "2013.04.16"]
[EventType "swiss"]
[EventRounds "6"]
[EventCountry "CAN"]
[SourceTitle "EXT 2022"]
[Source "ChessBase"]
[SourceDate "2021.10.06"]
[SourceVersion "1"]
[SourceVersionDate "2021.10.06"]
[SourceQuality "1"]

1. d4 Nf6 2. Nf3 e6 3. Bf4 b6 4. Nc3 Bb7 5. Nb5 Nd5 6. Bg3 d6 7. e4 Nf6 8. e5 Ne4 9. exd6 cxd6 10. Bd3 Be7 11. Qe2 Nxg3 12. hxg3 Nd7 13. O-O-O Nf6 14. Nc3 h6 15. Bb5+ Nd7 16. Ne4 a6 17. Bd3 d5 18. Ned2 O-O 19. g4 Bg5 20. Nxg5 Qxg5 21. g3 Nf6 22. Rh4 e5 23. dxe5 Ne4 24. Rh5 Qg6 25. Rg1 Qc6 26. f4 f6 27. exf6 Rxf6 28. Re5 Qa4 29. Nxe4 dxe4 30. Bc4+ Kh8 31. g5 Rg6 32. Rd1 Rc8 33. Bb3 Qb4 34. gxh6 Rxh6 35. Rh5 Kh7 36. Rxh6+ Kxh6 37. Rh1+ Kg6 38. Qg4+ Kf6 39. Qe6# 1-0

[Event "Outaouais-ch Reserve"]
[Site "Gatineau CAN"]
[Date "2013.04.16"]
[Round "1"]
[White "Lavergne, Daniel"]
[Black "Jiang, Qizhe"]
[Result "1-0"]
[WhiteElo "1824"]
[BlackElo "1450"]
[PlyCount "63"]
[GameId "2160767909364528"]
[EventDate "2013.04.16"]
[EventType "swiss"]
[EventRounds "6"]
[EventCountry "CAN"]
[SourceTitle "EXT 2022"]
[Source "ChessBase"]
[SourceDate "2021.10.06"]
[SourceVersion "1"]
[SourceVersionDate "2021.10.06"]
[SourceQuality "1"]

1. e4 d6 2. d4 Nf6 3. Nc3 g6 4. f4 Bg7 5. Nf3 e6 6. Bd3 O-O 7. Be3 Ng4 8. Bg1 f5 9. e5 c5 10. Nb5 dxe5 11. dxe5 Qd5 12. c4 Qc6 13. Qe2 Nh6 14. O-O-O a6 15. Nc3 b6 16. Ng5 Nf7 17. h4 Bb7 18. Rd2 Nxg5 19. hxg5 Rf7 20. Rh3 Qe8 21. g4 Bc8 22. gxf5 exf5 23. Qf3 Raa7 24. Rdh2 Bf8 25. Nd5 Qe6 26. Nf6+ Kh8 27. Qh1 Qe7 28. Rxh7+ Rxh7 29. Rxh7+ Qxh7 30. Nxh7 Rxh7 31. Qd5 Rd7 32. Qe6 1-0

[Event "Outaouais-ch Reserve"]
[Site "Gatineau CAN"]
[Date "2013.04.16"]
[Round "1"]
[White "Piche, Guy"]
[Black "Latreille, Etienne"]
[Result "1-0"]
[WhiteElo "1650"]
[BlackElo "1365"]
[PlyCount "135"]
[GameId "2160767909364529"]
[EventDate "2013.04.16"]
[EventType "swiss"]
[EventRounds "6"]
[EventCountry "CAN"]
[SourceTitle "EXT 2022"]
[Source "ChessBase"]
[SourceDate "2021.10.06"]
[SourceVersion "1"]
[SourceVersionDate "2021.10.06"]
[SourceQuality "1"]

1. f4 d5 2. e3 Nf6 3. Nf3 c5 4. b3 Nc6 5. Bb5 Bd7 6. Bb2 e6 7. O-O a6 8. Bxc6 Bxc6 9. Nc3 Qb6 10. Ne2 Be7 11. Ne5 O-O 12. Kh1 Rfd8 13. Rf3 d4 14. Nxc6 Qxc6 15. exd4 Ng4 16. Qe1 Bf6 17. Qg3 Nh6 18. Raf1 cxd4 19. c4 Nf5 20. Qf2 Qc5 21. g4 Nd6 22. g5 Ne4 23. Qe1 Be7 24. d3 Nc3 25. Nxc3 dxc3 26. Qxc3 f6 27. Rg1 Qc6 28. Rgg3 Rd7 29. gxf6 Bxf6 30. Qc2 Bxb2 31. Qxb2 g6 32. Kg1 Rad8 33. Qe2 Qb6+ 34. Kf1 Rd6 35. f5 exf5 36. Rxf5 Rf6 37. Rxf6 Qxf6+ 38. Rf3 Qd6 39. Qe4 Rd7 40. Kg2 Re7 41. Qh4 Re2+ 42. Kg1 Rxa2 43. d4 Rd2 44. d5 Qb6+ 45. Kh1 Qa5 46. Rf2 Qa1+ 47. Kg2 Rxf2+ 48. Qxf2 Qc3 49. Qf3 Qc2+ 50. Kg3 Qd2 51. h4 Kg7 52. Qf4 Qc3+ 53. Qf3 Qe5+ 54. Kf2 Qh2+ 55. Ke3 Qxh4 56. d6 Qg5+ 57. Kd4 Qd2+ 58. Ke5 Qb2+ 59. Ke6 Qd2 60. Qxb7+ Kh6 61. d7 Qe3+ 62. Kd6 Qf4+ 63. Kc6 Qf3+ 64. Kc7 Qf4+ 65. Kc8 Qf5 66. Qd5 Qg4 67. Kc7 Qf4+ 68. Kb7 1-0

[Event "Outaouais-ch Reserve"]
[Site "Gatineau CAN"]
[Date "2013.04.16"]
[Round "1"]
[White "Potvin, Daniel"]
[Black "Kouassi, Karen"]
[Result "1-0"]
[WhiteElo "1619"]
[BlackElo "1199"]
[PlyCount "65"]
[GameId "2160767909364530"]
[EventDate "2013.04.16"]
[EventType "swiss"]
[EventRounds "6"]
[EventCountry "CAN"]
[SourceTitle "EXT 2022"]
[Source "ChessBase"]
[SourceDate "2021.10.06"]
[SourceVersion "1"]
[SourceVersionDate "2021.10.06"]
[SourceQuality "1"]

1. b3 d5 2. Nf3 Nc6 3. Bb2 Qd6 4. e3 e5 5. Bb5 f6 6. Ba3 Qe6 7. Bxf8 Kxf8 8. d4 e4 9. Nfd2 a6 10. Be2 Nh6 11. O-O b5 12. Nc3 Kf7 13. a4 b4 14. Nxd5 g5 15. Nxc7 Qd6 16. Nxa8 g4 17. Nxe4 Qd5 18. Bc4 Qxc4 19. Nd6+ Kg6 20. Nxc4 f5 21. Nab6 Nf7 22. d5 Nce5 23. Nxe5+ Nxe5 24. Qd4 Re8 25. Nxc8 Nd7 26. Nd6 Re5 27. Nc4 Re4 28. Qa7 Nf6 29. Qxa6 Kg5 30. d6 f4 31. Qb5+ Kh4 32. exf4 h5 33. Qg5# 1-0

[Event "Outaouais-ch Reserve"]
[Site "Gatineau CAN"]
[Date "2013.04.16"]
[Round "1"]
[White "Raymond, Daniel"]
[Black "Legare, Gilles"]
[Result "1-0"]
[WhiteElo "1590"]
[BlackElo "1147"]
[PlyCount "35"]
[GameId "2160767909364531"]
[EventDate "2013.04.16"]
[EventType "swiss"]
[EventRounds "6"]
[EventCountry "CAN"]
[SourceTitle "EXT 2022"]
[Source "ChessBase"]
[SourceDate "2021.10.06"]
[SourceVersion "1"]
[SourceVersionDate "2021.10.06"]
[SourceQuality "1"]

1. e4 e6 2. d4 b6 3. Nc3 Bb7 4. Nf3 Bb4 5. Bd3 d5 6. exd5 Bxd5 7. Bd2 Bxc3 8. Bxc3 Nf6 9. Bb4 a5 10. Ba3 Be4 11. O-O c6 12. Bxe4 Nxe4 13. Qe2 Nd6 14. Qe5 Nf5 15. Rfe1 Nd7 16. Qxf5 b5 17. Rxe6+ fxe6 18. Qxe6+ 1-0

[Event "Outaouais-ch Reserve"]
[Site "Gatineau CAN"]
[Date "2013.04.16"]
[Round "1"]
[White "Simard, Paul"]
[Black "Lemieux, Denis"]
[Result "0-1"]
[WhiteElo "1219"]
[BlackElo "1624"]
[PlyCount "110"]
[GameId "2160767909364532"]
[EventDate "2013.04.16"]
[EventType "swiss"]
[EventRounds "6"]
[EventCountry "CAN"]
[SourceTitle "EXT 2022"]
[Source "ChessBase"]
[SourceDate "2021.10.06"]
[SourceVersion "1"]
[SourceVersionDate "2021.10.06"]
[SourceQuality "1"]

1. e4 c6 2. Nf3 d5 3. d3 dxe4 4. dxe4 Qxd1+ 5. Kxd1 Bg4 6. Be2 Nf6 7. Nc3 e6 8. h3 Bh5 9. Bf4 Bb4 10. Bd2 Bxc3 11. Bxc3 Nbd7 12. e5 Ne4 13. Bd4 Rd8 14. Kc1 b6 15. Bd3 Nec5 16. Bc4 h6 17. g4 Bg6 18. Re1 Bh7 19. Nd2 O-O 20. f4 b5 21. Bf1 a5 22. b3 Nb7 23. Ne4 Bxe4 24. Rxe4 Ndc5 25. Bxc5 Nxc5 26. Re3 Rd4 27. Bg2 b4 28. Bxc6 Rc8 29. Bb5 Rxf4 30. Kb2 Rd8 31. Re2 Rdd4 32. Rae1 Ne4 33. Bd3 Nf2 34. Bb5 Nxh3 35. Re3 Nf2 36. g5 Nd1+ 37. Rxd1 Rxd1 38. gxh6 gxh6 39. Rg3+ Kh7 40. Bd3+ Kh8 41. Rh3 Kg7 42. Rg3+ Kf8 43. Bh7 Rff1 44. c3 Rd2+ 45. Bc2 Rff2 46. Rg1 Rxc2+ 47. Kb1 Rb2+ 48. Kc1 Rfc2+ 49. Kd1 Rxc3 50. Re1 Rcc2 51. Re4 Rxa2 52. Rc4 Rh2 53. Rc8+ Kg7 54. Rc2 Raxc2 55. Ke1 Rh1# 0-1

[Event "Outaouais-ch Reserve"]
[Site "Gatineau CAN"]
[Date "2013.04.16"]
[Round "1"]
[White "Traversy, Pierre"]
[Black "Lecorre, Joel"]
[Result "0-1"]
[WhiteElo "1154"]
[BlackElo "1591"]
[PlyCount "74"]
[GameId "2160767909364533"]
[EventDate "2013.04.16"]
[EventType "swiss"]
[EventRounds "6"]
[EventCountry "CAN"]
[SourceTitle "EXT 2022"]
[Source "ChessBase"]
[SourceDate "2021.10.06"]
[SourceVersion "1"]
[SourceVersionDate "2021.10.06"]
[SourceQuality "1"]

1. d4 Nf6 2. c4 e6 3. Nf3 d5 4. c5 Nc6 5. Bg5 Be7 6. Nc3 a6 7. e3 b6 8. cxb6 cxb6 9. a3 Bb7 10. Bd3 O-O 11. Bc2 Ne8 12. Bxe7 Qxe7 13. O-O b5 14. Re1 f5 15. Ne2 Nd6 16. Bd3 Ne4 17. Bc2 Rac8 18. Nc3 g5 19. Ne5 Nxe5 20. dxe5 Nxc3 21. bxc3 Rxc3 22. f4 Rfc8 23. Bd3 Qg7 24. Re2 gxf4 25. exf4 d4 26. Rf2 Qc7 27. h3 Qc5 28. Rc2 Rxc2 29. Bxc2 d3+ 30. Kh2 Qxc2 31. Qg1 d2 32. Rd1 Bd5 33. h4 Bb3 34. Qf2 Qxd1 35. Qg3+ Qg4 36. Qxb3 Qxh4+ 37. Kg1 Rc1+ 0-1

[Event "Outaouais-ch Reserve"]
[Site "Gatineau CAN"]
[Date "2013.04.23"]
[Round "2"]
[White "Danilov, Alex"]
[Black "Traversy, Pierre"]
[Result "1-0"]
[WhiteElo "1693"]
[BlackElo "1154"]
[PlyCount "63"]
[GameId "2160767909364534"]
[EventDate "2013.04.16"]
[EventType "swiss"]
[EventRounds "6"]
[EventCountry "CAN"]
[SourceTitle "EXT 2022"]
[Source "ChessBase"]
[SourceDate "2021.10.06"]
[SourceVersion "1"]
[SourceVersionDate "2021.10.06"]
[SourceQuality "1"]

1. e4 e6 2. Nf3 Nc6 3. d4 d5 4. e5 Nge7 5. Bd3 g6 6. Be3 Bg7 7. Qd2 Qd7 8. c3 Nf5 9. O-O a6 10. g4 Nxe3 11. Qxe3 Ne7 12. Nbd2 b6 13. Ne1 Qd8 14. f4 h6 15. Rf2 Bd7 16. Ng2 c6 17. Raf1 h5 18. f5 exf5 19. gxf5 Nxf5 20. Bxf5 Bxf5 21. h4 Ra7 22. Nf3 Bh6 23. Ng5 Re7 24. Qg3 Bxg5 25. Qxg5 Rh7 26. Rxf5 Re6 27. Rf6 Rxf6 28. Rxf6 Qd7 29. Rd6 Qc7 30. Qf6 c5 31. Nf4 Qe7 32. Nxd5 1-0

[Event "Outaouais-ch Reserve"]
[Site "Gatineau CAN"]
[Date "2013.04.23"]
[Round "2"]
[White "Jiang, Qizhe"]
[Black "Legare, Gilles"]
[Result "1-0"]
[WhiteElo "1450"]
[BlackElo "1147"]
[PlyCount "85"]
[GameId "2160767909364535"]
[EventDate "2013.04.16"]
[EventType "swiss"]
[EventRounds "6"]
[EventCountry "CAN"]
[SourceTitle "EXT 2022"]
[Source "ChessBase"]
[SourceDate "2021.10.06"]
[SourceVersion "1"]
[SourceVersionDate "2021.10.06"]
[SourceQuality "1"]

1. e4 e6 2. d4 b6 3. Nc3 d6 4. f4 Be7 5. Nf3 a5 6. Bc4 Ba6 7. Bxa6 Nxa6 8. O-O Nf6 9. d5 Nc5 10. dxe6 Nxe6 11. Nd4 Nxd4 12. Qxd4 O-O 13. Qd3 c6 14. Be3 Ng4 15. Bd4 Bf6 16. Bxf6 Qxf6 17. h3 Nh6 18. g4 Nxg4 19. hxg4 Qh4 20. Qf3 Rae8 21. Rf2 Re6 22. Rh2 Qf6 23. g5 Qd4+ 24. Qf2 Qb4 25. Rb1 a4 26. a3 Qc4 27. Qxb6 Qc5+ 28. Qxc5 dxc5 29. Re1 Rb8 30. Nxa4 h6 31. gxh6 Rg6+ 32. Kf2 Kh7 33. hxg7+ Kxg7 34. Rg1 Rd8 35. Rxg6+ fxg6 36. Ke3 Rd4 37. Nxc5 Rc4 38. Nd3 c5 39. e5 Kf7 40. b4 Ke6 41. b5 Kd5 42. Rd2 Ra4 43. Nb2+ 1-0

[Event "Outaouais-ch Reserve"]
[Site "Gatineau CAN"]
[Date "2013.04.23"]
[Round "2"]
[White "Jobin, Gilles G"]
[Black "Choiniere, Rene"]
[Result "1-0"]
[WhiteElo "1842"]
[BlackElo "1607"]
[PlyCount "59"]
[GameId "2160767909364536"]
[EventDate "2013.04.16"]
[EventType "swiss"]
[EventRounds "6"]
[EventCountry "CAN"]
[SourceTitle "EXT 2022"]
[Source "ChessBase"]
[SourceDate "2021.10.06"]
[SourceVersion "1"]
[SourceVersionDate "2021.10.06"]
[SourceQuality "1"]

1. e4 e6 2. d3 d5 3. Nd2 Nf6 4. e5 Nfd7 5. Ngf3 c5 6. c3 Nc6 7. d4 Qb6 8. Qb3 Be7 9. Qxb6 axb6 10. Bd3 O-O 11. O-O f6 12. exf6 gxf6 13. Bb5 e5 14. Re1 Bd6 15. Nf1 e4 16. Nh4 cxd4 17. Nf5 Be5 18. Bxc6 bxc6 19. cxd4 Bc7 20. Ne7+ Kh8 21. Nxc6 Bb7 22. Nb4 Bd6 23. Bd2 b5 24. Ne3 Nb6 25. b3 Bf4 26. Rac1 Rac8 27. Rxc8 Rxc8 28. Rc1 Rxc1+ 29. Bxc1 Kg7 30. Nf5+ 1-0

[Event "Outaouais-ch Reserve"]
[Site "Gatineau CAN"]
[Date "2013.04.23"]
[Round "2"]
[White "Kouassi, Karen"]
[Black "Simard, Paul"]
[Result "0-1"]
[WhiteElo "1199"]
[BlackElo "1219"]
[PlyCount "56"]
[GameId "2160767909364537"]
[EventDate "2013.04.16"]
[EventType "swiss"]
[EventRounds "6"]
[EventCountry "CAN"]
[SourceTitle "EXT 2022"]
[Source "ChessBase"]
[SourceDate "2021.10.06"]
[SourceVersion "1"]
[SourceVersionDate "2021.10.06"]
[SourceQuality "1"]

1. e4 e5 2. Nf3 Nc6 3. Nc3 Nf6 4. Bc4 Bc5 5. O-O O-O 6. a3 d6 7. b4 Bb6 8. Ng5 a6 9. Nxf7 Rxf7 10. Bxf7+ Kxf7 11. d3 h6 12. Nd5 Bd4 13. c3 Ba7 14. Qb3 Be6 15. c4 Nd4 16. Qd1 b5 17. cxb5 axb5 18. h3 c6 19. Ne3 Nb3 20. Rb1 Nxc1 21. Rxc1 Qc8 22. Kh1 Bd4 23. Nd5 Nxd5 24. exd5 Bxd5 25. Qh5+ Kg8 26. f4 exf4 27. Rce1 Be3 28. Qg6 Qxh3# 0-1

[Event "Outaouais-ch Reserve"]
[Site "Gatineau CAN"]
[Date "2013.04.23"]
[Round "2"]
[White "Lecorre, Joel"]
[Black "Lavergne, Daniel"]
[Result "0-1"]
[WhiteElo "1591"]
[BlackElo "1824"]
[PlyCount "60"]
[GameId "2160767909364538"]
[EventDate "2013.04.16"]
[EventType "swiss"]
[EventRounds "6"]
[EventCountry "CAN"]
[SourceTitle "EXT 2022"]
[Source "ChessBase"]
[SourceDate "2021.10.06"]
[SourceVersion "1"]
[SourceVersionDate "2021.10.06"]
[SourceQuality "1"]

1. Nf3 Nf6 2. g3 d6 3. Bg2 e5 4. d3 Be7 5. Nbd2 O-O 6. O-O Nc6 7. c3 Bg4 8. h3 Bd7 9. Qc2 Qc8 10. Kh2 b5 11. b3 Rb8 12. a3 h6 13. Bb2 Nh7 14. d4 f5 15. dxe5 dxe5 16. e3 e4 17. Nd4 Ne5 18. f4 exf3 19. N2xf3 Bd6 20. Rad1 Qe8 21. Qf2 Ng4+ 22. hxg4 fxg4 23. Qd2 Qh5+ 24. Kg1 gxf3 25. Bxf3 Qg6 26. Rf2 Bh3 27. g4 Ng5 28. Bd5+ Kh8 29. Qd3 Bh2+ 30. Rxh2 Qxd3 0-1

[Event "Outaouais-ch Reserve"]
[Site "Gatineau CAN"]
[Date "2013.04.23"]
[Round "2"]
[White "Lemieux, Denis"]
[Black "Berthiaume, Serge"]
[Result "1-0"]
[WhiteElo "1624"]
[BlackElo "1438"]
[PlyCount "95"]
[GameId "2160767909364539"]
[EventDate "2013.04.16"]
[EventType "swiss"]
[EventRounds "6"]
[EventCountry "CAN"]
[SourceTitle "EXT 2022"]
[Source "ChessBase"]
[SourceDate "2021.10.06"]
[SourceVersion "1"]
[SourceVersionDate "2021.10.06"]
[SourceQuality "1"]

1. d4 Nf6 2. c4 g6 3. Nc3 c5 4. d5 d6 5. e4 Bg7 6. Bd3 Qa5 7. Bd2 Qb6 8. Qc2 Nbd7 9. f4 Qc7 10. Nf3 Nb6 11. O-O a6 12. Rfe1 Bg4 13. Qd1 O-O-O 14. h3 Bd7 15. Rb1 g5 16. Nxg5 Rdf8 17. b4 h6 18. Nf3 Rhg8 19. bxc5 dxc5 20. Ne5 Bh8 21. Nxd7 Nfxd7 22. e5 Rg3 23. Re3 Rfg8 24. Rxg3 Rxg3 25. Be1 Rg8 26. Qh5 f6 27. e6 Nf8 28. Qf7 f5 29. Qxg8 Bd4+ 30. Kh2 Qd8 31. Bxf5 Nxc4 32. Ne2 Bf6 33. Bc3 Bxc3 34. Nxc3 Nd6 35. Bg4 Qe8 36. Bf3 b5 37. Ne4 Kc7 38. Nxc5 Qg6 39. Qxg6 Nxg6 40. g3 Kb6 41. Ne4 Nc4 42. a4 Na3 43. Rb3 Nc4 44. axb5 axb5 45. Be2 Ka5 46. Bxc4 bxc4 47. Rc3 Kb4 48. Kg2 1-0

[Event "Outaouais-ch Reserve"]
[Site "Gatineau CAN"]
[Date "2013.04.23"]
[Round "2"]
[White "Raymond, Daniel"]
[Black "Piche, Guy"]
[Result "0-1"]
[WhiteElo "1590"]
[BlackElo "1650"]
[PlyCount "90"]
[GameId "2160767909364540"]
[EventDate "2013.04.16"]
[EventType "swiss"]
[EventRounds "6"]
[EventCountry "CAN"]
[SourceTitle "EXT 2022"]
[Source "ChessBase"]
[SourceDate "2021.10.06"]
[SourceVersion "1"]
[SourceVersionDate "2021.10.06"]
[SourceQuality "1"]

1. e4 e5 2. Nf3 d6 3. d4 Nf6 4. Nc3 Nbd7 5. Bc4 Be7 6. O-O c6 7. Ng5 O-O 8. Be3 b5 9. Bb3 h6 10. Nf3 b4 11. Ne2 Nxe4 12. Nd2 Nxd2 13. Qxd2 d5 14. dxe5 Nxe5 15. Rad1 Bd6 16. Bd4 a5 17. c3 Qh4 18. Bxe5 Bxe5 19. g3 Qf6 20. f4 Bd6 21. Qd4 Qe7 22. Qd3 Bg4 23. Bc2 g6 24. Rde1 Bh3 25. Rf3 Bc5+ 26. Kh1 Rfe8 27. Bd1 Bf5 28. Qd2 Be4 29. Nd4 Bxd4 30. Rxe4 dxe4 31. Rf1 Bc5 32. f5 e3 33. Qe2 Qe4+ 34. Rf3 Rad8 35. Bc2 Rd2 36. fxg6 fxg6 37. Bxe4 Rxe2 38. Bxc6 Rf8 39. Bd5+ Kg7 40. Rxf8 Kxf8 41. cxb4 axb4 42. a4 bxa3 43. bxa3 Bxa3 44. Bc4 Rc2 45. Bd3 e2 0-1

[Event "Outaouais-ch Reserve"]
[Site "Gatineau CAN"]
[Date "2013.04.23"]
[Round "2"]
[White "Raymond, Robert"]
[Black "Arsenault, Yves"]
[Result "1/2-1/2"]
[WhiteElo "1378"]
[BlackElo "1565"]
[PlyCount "120"]
[GameId "2160767909364541"]
[EventDate "2013.04.16"]
[EventType "swiss"]
[EventRounds "6"]
[EventCountry "CAN"]
[SourceTitle "EXT 2022"]
[Source "ChessBase"]
[SourceDate "2021.10.06"]
[SourceVersion "1"]
[SourceVersionDate "2021.10.06"]
[SourceQuality "1"]

1. e4 c5 2. d3 e5 3. Nf3 Nc6 4. Nc3 d6 5. g3 Nf6 6. Bg2 Be7 7. O-O Be6 8. Re1 Qd7 9. Ng5 Bg4 10. f3 Bh5 11. Bh3 Qc7 12. Bg4 Bxg4 13. fxg4 h6 14. Nh3 Qd7 15. Nf2 a6 16. g5 hxg5 17. Bxg5 O-O-O 18. Bxf6 Bxf6 19. Nd5 Qe6 20. c4 Ne7 21. Nb6+ Kb8 22. a3 Nc8 23. Nd5 Be7 24. b4 Qh6 25. Ng4 Qe6 26. Qf3 Rhf8 27. Nge3 g6 28. Rf1 Na7 29. Rab1 Nc6 30. Nc3 Nd4 31. Qg4 Qxg4 32. Nxg4 f5 33. Ne3 Bg5 34. Ned5 f4 35. h4 Bh6 36. g4 Rf7 37. a4 Rdf8 38. g5 Bg7 39. Rf2 f3 40. b5 axb5 41. axb5 Ne2+ 42. Kf1 Nxc3 43. Nxc3 Rf4 44. Rh2 Rh8 45. Rbb2 Rfxh4 46. Kg1 Rg4+ 47. Kh1 Rf8 48. Rbf2 Rg3 49. Rh7 Rf7 50. Kh2 Rxg5 51. Rh3 Rh5 52. Nd5 Rxh3+ 53. Kxh3 Bh6 54. Kg4 Kc8 55. Rxf3 Rxf3 56. Kxf3 Kd7 57. Kg4 Ke6 58. Nc7+ Kd7 59. Nd5 Ke6 60. Kh4 Kf7 1/2-1/2

[Event "Outaouais-ch Reserve"]
[Site "Gatineau CAN"]
[Date "2013.04.30"]
[Round "3"]
[White "Arsenault, Yves"]
[Black "Raymond, Daniel"]
[Result "0-1"]
[WhiteElo "1565"]
[BlackElo "1590"]
[PlyCount "94"]
[GameId "2160767909364542"]
[EventDate "2013.04.16"]
[EventType "swiss"]
[EventRounds "6"]
[EventCountry "CAN"]
[SourceTitle "EXT 2022"]
[Source "ChessBase"]
[SourceDate "2021.10.06"]
[SourceVersion "1"]
[SourceVersionDate "2021.10.06"]
[SourceQuality "1"]

1. e4 c5 2. Nf3 d6 3. d4 cxd4 4. Nxd4 Nf6 5. Nc3 g6 6. g3 Nc6 7. Bg2 Bd7 8. O-O Nxd4 9. Qxd4 Bg7 10. b3 Nh5 11. Qd3 Rc8 12. Bb2 Qc7 13. Nd5 Qxc2 14. Qxc2 Rxc2 15. Bxg7 Nxg7 16. Rfc1 Rxc1+ 17. Rxc1 Bc6 18. Nb4 Kd7 19. Rd1 e6 20. Nd3 Ke7 21. Nb2 Rd8 22. Nc4 d5 23. exd5 Bxd5 24. Bxd5 Rxd5 25. Rxd5 exd5 26. Na5 b6 27. Nc6+ Kd6 28. Nxa7 Kc5 29. Kf1 Kb4 30. Nc8 b5 31. Nd6 Nf5 32. Nxf7 Ka3 33. Ne5 Kxa2 34. Ke2 Kxb3 35. Kd2 b4 36. Nd3 Ka3 37. Kc1 b3 38. Kb1 d4 39. h3 Nd6 40. f3 Nc4 41. Kc1 b2+ 42. Kc2 Ka2 43. Nc1+ bxc1=Q+ 44. Kxc1 Kb3 45. Kd1 Kc3 46. f4 Kd3 47. g4 Ne3+ 0-1